000 00617nam a22002537a 4500
001 BR9403527
003 BR-BrBNA
005 20230928094046.0
007 ta
008 230509b bl.||||| |||| 00| 0 por d
040 _aBR-BrBNA
_bpor
_cBiblioteca Nacional de Agricultura
041 _a(Por)
072 _aL01
_b6200
090 _ 6200 BR9403527
100 1 _aHelena, M.L.F.
245 1 _aE facil criar patos
260 3 _aSao Paulo, SP (Brasil):
_bTres,
_c1986.
300 _a32 p.
500 _a31 illus.
650 _aPato
650 _aCriacao
909 _a202309
_bLucia
_c55
_dLucia Elande
942 _cBK
999 _c48651
_d48651